Lateinish-Romanisches wörter buch / (Record no. 87196)

MARC details
000 -LEADER
campo de control de longitud fija 00410nam a2200145 i 4500
001 - NÚMERO DE CONTROL
campo de control 87196
003 - IDENTIFICADOR DE NÚMERO DE CONTROL
campo de control ES-MaACL
007 - CAMPO FIJO DE DESCRIPCIÓN FÍSICA--INFORMACIÓN GENERAL
campo de control de longitud fija t|
008 - DATOS DE LONGITUD FIJA--INFORMACIÓN GENERAL
campo de control de longitud fija 041220s1901 ddr ||||1| ger d
100 1# - ENTRADA PRINCIPAL--NOMBRE DE PERSONA
Nombre de persona Koerting, Gustav.
9 (RLIN) 68456
245 10 - MENCIÓN DEL TÍTULO
Título Lateinish-Romanisches wörter buch /
Mención de responsabilidad, etc. von Gustav Koerting.
260 ## - PUBLICACIÓN, DISTRIBUCIÓN, ETC.
Lugar de publicación, distribución, etc. Paderbova :
Nombre del editor, distribuidor, etc. Ferdinand Schöning,
Fecha de publicación, distribución, etc. 1901.
300 ## - DESCRIPCIÓN FÍSICA
Extensión VI, 1252 p. ;
Dimensiones 27 cm.
852 ## - LOCALIZACIÓN
Ubicación ES-MaACL
Número de control de estantería B-4738
Holdings
Estatus retirado Estado de pérdida Estado de daño No para préstamo Biblioteca de origen Biblioteca actual Ubicación en estantería Fecha de adquisición Fuente de adquisición Total de préstamos Signatura topográfica completa Código de barras Visto por última vez Precio de reemplazo Tipo de ítem Koha
        Biblioteca del Ateneo de Madrid Biblioteca del Ateneo de Madrid Sala Pardo Bazán 17/01/2008     B-4738 1091102 23/02/2023 23/02/2023 Libro impreso antiguo